000302692 001__ 302692
000302692 005__ 20240928181219.0
000302692 0247_ $$aG:(GEPRIS)409795968$$d409795968
000302692 035__ $$aG:(GEPRIS)409795968
000302692 040__ $$aGEPRIS$$chttp://gepris.its.kfa-juelich.de
000302692 150__ $$aFourier Transform Infrarot (FT-IR) Spektrometer$$y2018
000302692 371__ $$aProfessor Dr. Philipp Vana
000302692 450__ $$aDFG project G:(GEPRIS)409795968$$wd$$y2018
000302692 5101_ $$0I:(DE-588b)2007744-0$$aDeutsche Forschungsgemeinschaft$$bDFG
000302692 680__ $$aIn der Abteilung Makromolekulare Chemie des Instituts für Physikalische Chemie der Universität Göttingen besteht eine langjährige und weltweit anerkannte Expertise in der Anwendung von FT-IR-Spektroskopie in den Polymerwissenschaften. Unsere beiden FT-IR-Geräte (Anschaffungsjahre 1991 und 1998) wurden im Laufe des Jahres 2017 defekt. Für diese alten Geräte wird keine Wartung und Reparatur mehr angeboten, wodurch diese Geräte somit abgängig sind. Für die erfolgreiche Weiterführung unserer Forschungsarbeiten, vor allem auf dem Gebiet der Polymerisationskinetik, ist somit die beantragte Ersatzbeschaffung zwingend und so bald wie möglich erforderlich. Es ist abzusehen, dass dieses Gerät – ähnlich wie die vorhergehenden – mehrere Jahrzehnte für die Grundlagenforschung zu Verfügung stehen wird. Aus diesem Grund, auch dokumentiert durch die konkreten Forschungsvorhaben, streben wir die Beschaffung eines sehr leistungsfähigen und universell einsetzbaren Gerätes an, dass eine sehr hohe Zeitauflösung, notwendig für schnelle kinetische Messungen, als auch eine sehr hohe Empfindlichkeit für den Nachweis kleiner Änderungen (z.B. Monomerverbrauch in kurzen Zeiteinheiten) besitzt.
000302692 909CO $$ooai:juser.fz-juelich.de:969435$$pauthority$$pauthority:GRANT
000302692 909CO $$ooai:juser.fz-juelich.de:969435
000302692 980__ $$aG
000302692 980__ $$aAUTHORITY